| 000 | 01238nam0a22003131 4500 | ||
|---|---|---|---|
| 001 | v19\rc\1426032 | ||
| 005 | 20260405060749.0 | ||
| 035 | _a(NLR Aleph) 005212729 | ||
| 090 |
_a5425404 _c5425404 |
||
| 100 | _a20060620d1844 |||y0rusy50 ca | ||
| 101 | 1 |
_arus _cger |
|
| 102 | _aRU | ||
| 105 | _ac z ||||| | ||
| 200 | 1 |
_aАнтология из Жан-Поля Рихтера _f[Пер. и предисл. И.Е. Бецкого] |
|
| 210 |
_aСанкт-Петербург _cтип. К. Жернакова _d1844 |
||
| 215 |
_a[2], 179 с., 1 л. фронт. (портр.) _d24 |
||
| 316 |
_aЭкз. РНБ (133/4961): с автогр. пер. _5NLR: 133/4961 |
||
| 700 | 0 |
_8rus _7ca _aЖан Поль _cпсевдоним _f1763-1825 _3RU\NLR\AUTH\7719985 _93053 |
|
| 702 | 1 |
_4730 _4080 _7ca _8rus _aБецкий _bИ. Е. _cписатель, издатель _f1818-1890 _gИван Егорович _9180978 _3RU\NLR\AUTH\770181029 |
|
| 801 | 0 |
_aRU _bNLR _c20060620 _gpsbo |
|
| 801 | 0 |
_aRU _bRuMoRGB _c20060620 _2psbo |
|
| 801 | 1 |
_aRU _bProSoft-M _c20060620 _2rusmarc |
|
| 801 | 2 |
_aRU _bNLR _c20070201 _2rusmarc |
|
| 852 |
_aNLR _j18.264.2.45 |
||
| 852 |
_aNLR _j133/4961 |
||
| 852 |
_aNLR _bМф _jК1/7280 |
||
| 942 | _cBOOK | ||
| 980 | _aNB | ||